Football par lettre - C - Statistiques

Statistiques générales
  • Ce quiz a été pris 357 fois
  • Le résultat moyen est 12 sur 20
Statistiques - réponses
Hint Réponse % Correct
Trent Alexander Arnold l'a tiré très rapidement Corner
93%
Ballon d'or 2006 Fabio Cannavaro
89%
Pays pour lequel joue Keylor Navas Costa Rica
86%
Surnoms des joueurs du FC Nantes Canaris
84%
Surnommé le King, c'est une légende de Manchester United Eric Cantona
80%
Chaque équipe a le droit d'en faire cinq Changements
79%
Ile sur laquelle se trouvent les clubs de l'Omonia et de l'Apoel Chypre
76%
Champion d'Afrique 2017 Cameroun
73%
Il formait avec Cacapa la charnière de l'OL des années 2000 Cris
72%
Les belges l'appellent autogoal contre son camp
70%
Le Wydad et le Raja disputent le derby de... Casablanca
64%
Animal qu'on retrouve sur le blason du club de Niort Chamois
63%
Confédération englobant l'Amerique du nord et centrale, ainsi que les Caraïbes CONCACAF
57%
Tactique italienne très défensive, se traduisant littéralement par "Verrou" Catenaccio
51%
Club le plus titré du Chili Colo-Colo
45%
Dans les pays de l'est, ce sigle signifie que le club représentait autrefois l'armée CSKA
29%
Abréviation utilisée pour parler de la fédération brésilienne CBF
25%
Il a marqué 96 buts en Ligue 1 Djibril Cissé
22%
Surnom autrefois donné aux remplaçants Coiffeurs
12%
Etoile rouge de Belgrade, en VO Crvena Zvezda
10%
Aucun quiz correspondant
Distribution des résultats
% des personnes avec chaque résultat
Percentile par nombre de réponses
Votre historique - résultats
Vous n’avez pas pris ce quiz